| 000 | 01426nam a22002537a 4500 | ||
|---|---|---|---|
| 999 |
_c6484 _d6484 |
||
| 003 | OSt | ||
| 005 | 20200211134713.0 | ||
| 008 | 200211s2012 sp |||||r|||| 001 0 spa d | ||
| 020 | _a9788415504740 | ||
| 040 |
_aCO-JMCR _cCO-JMCR |
||
| 041 | _aspa | ||
| 082 |
_a658 / _bB796c |
||
| 100 |
_aBrachfield, Pere J., _eautor _9416 |
||
| 245 | 1 |
_aCobro de impagados y negociación con deudores : _bCómo cobrar los impagados sin confrontaciones con losa deudores / _cPereJ. Brachfield |
|
| 260 |
_a[España] : _bProfit, _c2012 |
||
| 300 |
_a134 páginas ; _c21 cm. |
||
| 490 | _aColección : MBA práctico | ||
| 505 | _aEl juego del moroso -- Las señales de alarma de impagos futuros -- Cómo enfrentarse a la estrategia evasiva del deudor -- Cómo demostrar las excusas del moroso -- Cómo reconocer y negociar con los distintos tipos de deudor -- El inicio de la gestión de cobro | ||
| 520 | _aLas deudas impagadas y la morosidad constituyen un serio problema para las empresas que en ciertas ocasiones a llevado a la desaparición de algunas de ellas. En estas páginas se ofrecen soluciones prácticas para la negociación y el cobro efectivo de todo tipo de deudas que permiten evitar con éxito los elevados costos económicos y financieros derivados de estos inconvenientes | ||
| 546 | _aspa | ||
| 650 | 1 | 4 |
_aDeudor y acreedor _xcobro de cuentas _9417 |
| 650 | 1 | 4 |
_aBusiness enterprises _xFinance _9418 |
| 942 |
_2ddc _cBK |
||